|
|
|
|
| LEADER |
00000nab a2200000 a 4500 |
| 001 |
vtls000917634 |
| 003 |
SK-MaSNL |
| 005 |
20260304232243.0 |
| 008 |
040720e19920916xo 0 slo |
| 035 |
|
|
|a KE26512
|
| 040 |
|
|
|a KEVKJB
|b slo
|c KEVKJB
|e AACR2
|
| 041 |
0 |
|
|a slo
|
| 044 |
|
|
|a xo
|c SK
|
| 080 |
|
|
|a 799.3
|2 1981
|
| 080 |
|
|
|a 929
|2 1981
|
| 100 |
1 |
|
|a Čintalan, Gabriel
|4 aut
|9 880520
|
| 245 |
1 |
0 |
|a Kandidátka na miss
|b Tvrdohlavosť ju takmer odpísala, teraz prináša ovocie
|
| 590 |
|
|
|a Gergelová, Veronika
|b reprezentantka v športovej streľbe
|
| 600 |
1 |
7 |
|a Gergelová, Veronika
|2 KEVKJB
|9 1566691
|
| 611 |
1 |
7 |
|a majstrovstvá Európy
|2 KEVKJB
|9 877639
|
| 650 |
0 |
7 |
|a šport
|2 KEVKJB
|9 1042
|
| 650 |
0 |
7 |
|a športová streľba
|2 KEVKJB
|9 29098
|
| 650 |
0 |
7 |
|a juniori
|2 KEVKJB
|9 838750
|
| 650 |
0 |
7 |
|a medaily strieborné
|2 KEVKJB
|9 882112
|
| 650 |
0 |
7 |
|a reportáže
|2 KEVKJB
|9 75670
|
| 651 |
|
7 |
|a Sofia (Bulharsko)
|2 KEVKJB
|9 31098
|
| 651 |
|
7 |
|a KE,
|2 KEVKJB
|9 877256
|
| 655 |
|
7 |
|a periodikum
|2 snkbucl
|9 29553
|
| 773 |
0 |
8 |
|t Košický večer
|g Roč. 3
|g Roč. 28, č.182, 16.9.1992, s. 8
|
| 852 |
|
|
|a ZVYKNI
|b KIS3GCP
|
| 999 |
|
|
|c 3192873
|d 3194803
|